<?xml version="1.0" encoding="UTF-8"?>
<collection xmlns:xsi="http://www.w3.org/2001/XMLSchema-instance" xsi:schemaLocation="http://www.loc.gov/MARC21/slim http://www.loc.gov/standards/marcxml/schema/MARC21slim.xsd" xmlns="http://www.loc.gov/MARC21/slim">
 <record>
  <leader>00000cmm a22000003i 4500</leader>
  <controlfield tag="001">UP-1685594773862447223</controlfield>
  <controlfield tag="003">Buklod</controlfield>
  <controlfield tag="005">20251105104053.0</controlfield>
  <controlfield tag="006">m     |  |        </controlfield>
  <controlfield tag="007">ta</controlfield>
  <controlfield tag="008">251105s2017    nju        u        eng d</controlfield>
  <datafield tag="020" ind1=" " ind2=" ">
   <subfield code="a">9781119332015 (ebook)</subfield>
  </datafield>
  <datafield tag="035" ind1=" " ind2=" ">
   <subfield code="a">(iLib)UPBAG-00043777920</subfield>
  </datafield>
  <datafield tag="037" ind1=" " ind2=" ">
   <subfield code="a">ML-1043EB</subfield>
   <subfield code="b">Megatexts Phil. Inc.</subfield>
   <subfield code="c">Php8,476.00</subfield>
   <subfield code="n">College of Science</subfield>
  </datafield>
  <datafield tag="040" ind1=" " ind2=" ">
   <subfield code="a">DLC</subfield>
   <subfield code="d">BAG</subfield>
   <subfield code="e">rda</subfield>
  </datafield>
  <datafield tag="041" ind1="0" ind2=" ">
   <subfield code="a">eng</subfield>
  </datafield>
  <datafield tag="090" ind1=" " ind2="0">
   <subfield code="a">ML-ebook</subfield>
  </datafield>
  <datafield tag="245" ind1="0" ind2="0">
   <subfield code="a">Programming multicore and many-core computing systems</subfield>
   <subfield code="h">[electronic resource]</subfield>
   <subfield code="c">edited by Sabri Pllana, Fatos Xhafa.</subfield>
  </datafield>
  <datafield tag="264" ind1=" " ind2="1">
   <subfield code="a">Hoboken, New Jersey</subfield>
   <subfield code="b">John Wiley &amp; Sons, Inc.</subfield>
   <subfield code="c">2017.</subfield>
  </datafield>
  <datafield tag="300" ind1=" " ind2=" ">
   <subfield code="a">1 online resource</subfield>
  </datafield>
  <datafield tag="336" ind1=" " ind2=" ">
   <subfield code="a">text</subfield>
   <subfield code="2">rdacontent</subfield>
  </datafield>
  <datafield tag="337" ind1=" " ind2=" ">
   <subfield code="a">computer</subfield>
   <subfield code="2">rdamedia</subfield>
  </datafield>
  <datafield tag="338" ind1=" " ind2=" ">
   <subfield code="2">rdacarrier</subfield>
   <subfield code="a">other (Electronic resource)</subfield>
  </datafield>
  <datafield tag="490" ind1="1" ind2=" ">
   <subfield code="a">Wiley series on parallel and distributed computing</subfield>
  </datafield>
  <datafield tag="504" ind1=" " ind2=" ">
   <subfield code="a">Includes bibliographical references and index</subfield>
  </datafield>
  <datafield tag="505" ind1="0" ind2=" ">
   <subfield code="a">Part I. FOUNDATIONS. Multi- and Many-Cores, Architectural Overview for Programmers / Lasse Natvig, Alexandru Iordan, Mujahed Eleyat, Magnus Jahre, Jorn Amundsen -- Programming Models for Multicore and Many-Core Computing Systems / Ana Lucia Varbanescu, Rob V Nieuwpoort, Pieter Hijma, Henri E Bal, Rosa M Badia, Xavier Martorell -- Lock-Free Concurrent Data Structures / Daniel Cederman, Anders Gidenstam, Phuong Ha, Hkan Sundell, Marina Papatriantafilou, Philippas Tsigas -- Software Transactional Memory / Sandya Mannarswamy.</subfield>
  </datafield>
  <datafield tag="505" ind1="0" ind2=" ">
   <subfield code="a">Part II. PROGRAMMING APPROACHES. Hybrid / Heterogeneous Programming with OMPSS and Its Software/ Hardware Implications / Eduard Ayguade, Rosa M Badia, Pieter Bellens, Javier Bueno, Alejandro Duran, Yoav Etsion, Montse Farreras, Roger Ferrer, Jesus Labarta, Vladimir Marjanovic, Lluis Martinell, Xavier Martorell, Josep M. Perez, Judit Planas, Alex Ramirez, Xavier Teruel, Ioanna Tsalouchidou, Mateo Valero -- Skeleton Programming for Portable Many-Core Computing / Christoph Kessler, Sergei Gorlatch, Johan Enmyren, Usman Dastgeer, Michel Steuwer, Philipp Kegel -- DSL Stream Programming on Multicore Architectures / Pablo Oliveira Castro, Stéphane Louise, Denis Barthou -- Programming with Transactional Memory / Vincent Gramoli, Rachid Guerraoui -- Object-Oriented Stream Programming / Frank Otto, Walter F Tichy -- Software-Based Speculative Parallelization / Chen Tian, Min Feng, Rajiv Gupta -- Autonomic Distribution and Adaptation / Lutz Schubert, Stefan Wesner, Daniel Rubio Bonilla, Tommaso Cucinotta.</subfield>
  </datafield>
  <datafield tag="505" ind1="0" ind2="0">
   <subfield code="a">Part III. PROGRAMMING FRAMEWORKS. Peppher: Performance Portability and Programmability for Heterogeneous Many-Core Architectures / Siegfried Benkner, Sabri Pllana, Jesper Larsson Träff, Philippas Tsigas, Andrew Richards, George Russell, Samuel Thibault, Cdric Augonnet, Raymond Namyst, Herbert Cornelius, Christoph Keler, David Moloney, Peter Sanders -- Fastflow: High-Level and Efficient Streaming on Multicore / Marco Aldinucci, Marco Danelutto, Peter Kilpatrick, Massimo Torquati -- Parallel Programming Framework for H.264/AVC Video Encoding in Multicore Systems / Nuno Roma, António Rodrigues, Leonel Sousa -- Parallelizing Evolutionary Algorithms on GPGPU Cards with the EASEA Platform / Ogier Maitre, Frederic Kruger, Deepak Sharma, Stephane Querry, Nicolas Lachiche, Pierre Colle</subfield>
  </datafield>
  <datafield tag="505" ind1="0" ind2=" ">
   <subfield code="a">TESTING, EVALUATION AND OPTIMIZATION. Smart Interleavings for Testing Parallel Programs / Eitan Farchi -- Parallel Performance Evaluation and Optimization / Hazim Shafi -- A Methodology for Optimizing Multithreaded System Scalability on Multicores / Neil Gunther, Shanti Subramanyam, Stefan Parvu -- Improving Multicore System Performance through Data Compression / Ozcan Ozturk, Mahmut Kandemi</subfield>
  </datafield>
  <datafield tag="505" ind1="0" ind2=" ">
   <subfield code="a">SCHEDULING AND MANAGEMENT. Programming and Managing Resources on Accelerator-Enabled Clusters / M Mustafa Rafique, Ali R. Butt, Dimitrios S Nikolopoulos -- An Approach for Efficient Execution of SPMD Applications on Multicore Clusters / Ronal Muresano, Dolores Rexachs, Emilio Luque -- Operating System and Scheduling for Future Multicore and Many-Core Platforms / Tommaso Cucinotta, Giuseppe Lipari, Lutz Schubert -- Glossary -- Index -- Wiley Series on Parallel and Distributed Computin</subfield>
  </datafield>
  <datafield tag="506" ind1=" " ind2=" ">
   <subfield code="a">IP based subscription, on campus and remote access available via OpenAthens.</subfield>
   <subfield code="c">Access via Electronic Resources of the UPB University Library website</subfield>
  </datafield>
  <datafield tag="533" ind1=" " ind2=" ">
   <subfield code="a">Electronic reproduction.</subfield>
   <subfield code="b">Hoboken, NJ</subfield>
   <subfield code="c">John Wiley &amp; Sons</subfield>
   <subfield code="d">2017.</subfield>
   <subfield code="n">Available via World Wide Web through Wiley Online Librar</subfield>
  </datafield>
  <datafield tag="650" ind1=" " ind2="0">
   <subfield code="a">Parallel programming (Computer scienc.</subfield>
  </datafield>
  <datafield tag="650" ind1=" " ind2="0">
   <subfield code="a">Coprocesso.</subfield>
  </datafield>
  <datafield tag="650" ind1=" " ind2="0">
   <subfield code="a">Electronic book.</subfield>
  </datafield>
  <datafield tag="700" ind1="1" ind2=" ">
   <subfield code="a">Pllana, Sabri</subfield>
   <subfield code="e">edito.</subfield>
  </datafield>
  <datafield tag="700" ind1="1" ind2=" ">
   <subfield code="a">Xhafa, Fatos</subfield>
   <subfield code="e">edito.</subfield>
  </datafield>
  <datafield tag="856" ind1="4" ind2="0">
   <subfield code="y">Available for University of the Philippines Baguio via Wiley Online Library. Click here to access</subfield>
   <subfield code="u">https://onlinelibrary.wiley.com/doi/book/10.1002/9781119332015</subfield>
  </datafield>
  <datafield tag="856" ind1="1" ind2="0">
   <subfield code="z">(viewed 28 January 202</subfield>
  </datafield>
  <datafield tag="905" ind1=" " ind2=" ">
   <subfield code="a">FO</subfield>
  </datafield>
  <datafield tag="950" ind1=" " ind2=" ">
   <subfield code="a">Monogra</subfield>
  </datafield>
  <datafield tag="852" ind1="0" ind2=" ">
   <subfield code="a">UPBAG</subfield>
   <subfield code="b">UPBAG-MAIN</subfield>
   <subfield code="h">ML-ebook</subfield>
  </datafield>
  <datafield tag="942" ind1=" " ind2=" ">
   <subfield code="a">Electronic Resource</subfield>
  </datafield>
 </record>
</collection>
